书目信息 |
| 题名: |
社会主义核心价值观与法治教育
|
|
| 作者: | 张兴亮 主编 | |
| 分册: | ||
| 出版信息: | 北京 中国书籍出版社 2016.3 |
|
| 页数: | 260页 | |
| 开本: | 26cm | |
| 丛书名: | 社会主义核心价值观高职教育系列教材 | |
| 单 册: | ||
| 中图分类: | D616 , G641.5 | |
| 科图分类: | ||
| 主题词: | 社会主义建设--价值论--中国--高等职业教育--教材 , 社会主义法制--法制教育--高等职业教育--教材 | |
| 电子资源: | ||
| ISBN: | 978-7-5068-5435-1 | |
| 000 | 01323nam 2200313 45 | |
| 001 | 012001002447 | |
| 005 | 20140823112446.0 | |
| 010 | @a978-7-5068-5435-1@dCNY36.00 | |
| 099 | @aCAL 012017133888 | |
| 100 | @a20170911d2017 em y0chiy0110 ea | |
| 101 | 0 | @achi |
| 102 | @aCN@b110000 | |
| 105 | @ay a 000yy | |
| 106 | @ar | |
| 200 | 1 | @a社会主义核心价值观与法治教育@Ashe hui zhu yi he xin jia zhi guan yu fa zhi jiao yu@f张兴亮主编 |
| 210 | @a北京@c中国书籍出版社@d2016.3 | |
| 215 | @a260页@d26cm | |
| 225 | 2 | @a社会主义核心价值观高职教育系列教材@Ashe hui zhu yi he xin jia zhi guan gao zhi jiao yu xi lie jiao cai |
| 320 | @a有书目 (第259-260页) | |
| 330 | @a本书依据中共中央办公厅印发的《关于培育和践行社会主义核心价值观的意见》、中共中央办公厅、国务院办公厅印发的《关于进一步加强和改进新形势下高校宣传思想工作的意见》,结合高职大学生成长中的法律需求,设计了理念篇、国家篇、社会篇、个人篇、实务篇等五个模块。 | |
| 410 | 0 | @12001 @a社会主义核心价值观高职教育系列教材 |
| 461 | 0 | @12001 @a社会主义核心价值观高职教育系列教材 |
| 606 | 0 | @a社会主义建设@x价值论@y中国@x高等职业教育@j教材 |
| 606 | 0 | @a社会主义法制@x法制教育@x高等职业教育@j教材 |
| 690 | @aD616@v5 | |
| 690 | @aG641.5@v5 | |
| 701 | 0 | @a张兴亮@Azhang xing liang@4主编 |
| 801 | @aCN@bAHXH@c20210922 | |
| 905 | @b1281928-32@dD616@e284@f5 | |
| 社会主义核心价值观与法治教育/张兴亮主编.-北京:中国书籍出版社,2016.3 |
| 260页;26cm.-(社会主义核心价值观高职教育系列教材) |
| ISBN 978-7-5068-5435-1:CNY36.00 |
| 本书依据中共中央办公厅印发的《关于培育和践行社会主义核心价值观的意见》、中共中央办公厅、国务院办公厅印发的《关于进一步加强和改进新形势下高校宣传思想工作的意见》,结合高职大学生成长中的法律需求,设计了理念篇、国家篇、社会篇、个人篇、实务篇等五个模块。 |
| ● |
| 相关链接 |
|
|
|
|
正题名:社会主义核心价值观与法治教育
索取号:D616/284
 
预约/预借
| 序号 | 登录号 | 条形码 | 馆藏地/架位号 | 状态 | 备注 |
| 1 | 1281928 | 212819280 | 第一样本阅览室/ [索取号:D616/284] | 在馆 | |
| 2 | 1281929 | 212819299 | 教育系资料室/ [索取号:D616/284] | 在馆 | |
| 3 | 1281930 | 212819306 | 教育系资料室/ [索取号:D616/284] | 在馆 | |
| 4 | 1281931 | 212819315 | 第一借阅区/ [索取号:D616/284] | 在馆 | |
| 5 | 1281932 | 212819324 | 第一借阅区/ [索取号:D616/284] | 在馆 |